000 00931nam a22002777a 4500
001 BR7703151
003 BR-BrBNA
005 20230928085312.0
007 ta
008 230509b bl.||||| |||| 00| 0 por d
040 _aBR-BrBNA
_bpor
_cBiblioteca Nacional de Agricultura
041 _a(Por)
072 _aL72; L73
_b5300
_b4060
_b4190
_b/G514
090 _ 5300 BR7703151
100 1 _aAlmeida, L.F.P. de
110 1 _aUniversidade Federal Fluminense, Niteroi, RJ (Brasil). Faculdade de Veterinaria
_0Tese (Mestre em Medicina Veterinaria)
_911196
245 1 _aHidatidose em suinos. Aspectos morfologicos e parasitologicos de interesse na inspecao sanitaria de carnes [Brasil]
260 3 _aNiteroi, RJ (Brasil):
_c1977.
300 _a102 p.
500 _a23 tables; 40 ref.; Summaries (Eng, Por)
650 _aCarne
650 _aSuino
650 _aHidatidose
909 _a202309
_bLucia
_c55
_dLucia Elande
942 _cBK
999 _c23750
_d23750